000 03515nam a22003133u 4500
001 drd-4702765
003 0
005 20250910133504.0
007 tu
008 250910b |||||||| |||| 00| 0 ger d
020 _a9780198938880
_9978-0-19-893888-0
040 _aRU-10907106
_bger
_cRU-10907106
041 _aeng
100 1 _aBracke, Maud Anne
_4aut
_eAuthor
_966759
245 1 0 _aReproductive Rights in Modern France
_bFeminism, Contraception, and Abortion, 1950-1980
_cMaud Anne Bracke
264 _aOxford
_bOxford University Press
_c2025
300 _a224 S.
336 _aText
_btxt
_2rdacontent
337 _aohne Hilfsmittel zu benutzen
_bn
_2rdamedia
338 _aBand
_bnc
_2rdacarrier
505 _aACKNOWLEDGEMENTSINTRODUCTION1: Contexts and conceptsPART I. CONTRACEPTION2: Reproductive politics in post-war France (ca. 1945 - 1960)3: The sexual revolution and the legalisation of contraception (1960s)4: Reproduction and contraception in the overseas departments (ca. 1945-1970)PART II. ABORTION5: Feminism and women's reproductive liberty (1970s)6: The law of 19757: The law of 19798: The challenge of Black FeminismCONCLUSION
520 _aThe introduction of the principle of women's reproductive liberty in France, tentatively by the family planning movement after 1960 and explicitly by the women's liberation movement after 1970, marked a deep shift, transforming public discourses. Yet this principle remained fiercely contested, and moderate and conservative actors responded by foregrounding notions of 'reproductive responsibility', or the expectation that individuals perform the 'right' sexual and family-making behaviour, benefiting not only themselves and their families, but the nation at large. Such responsibilisation underpinned the legal reforms of the 1960s-70s, framing a notion of reproductive citizenship based on a tension between individual rights and social norms. This book breaks new ground by taking an intersectional approach to the defining moments of this period: the legalisation of contraception (the laws of 1967 and 1974) and the liberalisation of abortion (1975, 1979). Drawing on a wide range of sources and actors - including feminist and family planning movements, government actors, demographers, medical-professional organisations, disability rights groups, and key actors in the overseas departments - Maud Bracke demonstrates how the discourse of responsibilisation allowed actors to distinguish between citizens 'worthy' of reproductive rights and those seen as less worthy. Bracke analyses the distinct regulations regarding contraception in the overseas departments of Guadeloupe and Martinique, framed by racialised anti-natalism. The book also demonstrates that disability rights organisations contributed to the discrediting of the notion of 'eugenic abortion', used among experts and policy-makers until the early 1970s. Furthermore, Bracke goes on to highlight the silence in the feminist movement around both disability rights and race as part of its universalisation of women's conditions of oppression, and analyses the emergence of Black Feminism in late-1970s France. In so doing, the book offers a major contribution to the history of sex, gender, family life, healthcare, demography, and political debate in post-war France, and more generally.
648 _a1950-1980
_922612
650 _aFeminismus
650 _aAbort
_966897
650 _aReproduktion
_966898
651 _aFrankreich
942 _cMG
_2z
999 _c72706
_d72706